00664nam a22002057a 4500010001300000020001100013035001300024037001800037040001200055082001700067100002300084245003900107260003400146270005400180300002200234650001500256942002600271999001900297952014200316 aA-805952 c110.00 aA-805952 bCen Lib / Ret aDPLbEN a181.041bBHO aBhowmick, Paritosh aThe vision /cby Paritosh Bhowmick aCalcuttabPelican Pressc1995 a85, Bepin Behari Ganguly StreetbCalcuttae700012 a154p ; c24cm(Hb) aPhilosophy 2ddccENh181.041mBHO c136959d136959 04104070aLbLd2016-03-12eCen Lib/Retg110.00l0o181.041 BHOpA-805952r2016-03-12 00:00:00t1w2016-03-12yENzW/d list no. 6806/18